000 00592nam a22001812 4500
001 0000013274
005 20151217155856.0
008 090726s xx 000 0 eng d
040 _aKABU
_cKABU
245 1 0 _aTea in Kenya :
_ba short illustrated account of an expanding and progressive industry - the tea industry iof Kenya /
_cTea Board of Kenya.
250 _a1st ed.
260 _aNairobi :
_bKenya Tea Board,
_c1959.
300 _a48 p.
650 0 _aTea
_zKenya.
_@0000170435
852 1 _9p100 KES
908 _a090726
950 _@1
999 _c13605
_d13605